| 000 | 01053nac a22003017a 4500 | ||
|---|---|---|---|
| 001 | BR9001216 | ||
| 003 | BR-BrBNA | ||
| 005 | 20240105121043.0 | ||
| 008 | 230509b bl.|||m| |||| 00| 0 por d | ||
| 040 |
_aBR-BrBNA _bpor _cBiblioteca Nacional de Agricultura |
||
| 072 | _aF30 | ||
| 090 | _a0150 BR9001216 | ||
| 100 | 1 | _aSousa, N.R.G. | |
| 110 | 1 |
_aEmpresa de Pesquisa Agropecuaria do Estado de Mato Grosso S.A., Cuiaba (Brasil) _94113 |
|
| 245 | 1 | _aComportamento de cultivares de arroz de sequeiro no sudoeste de Mato Grosso | |
| 260 | 3 |
_aCuiaba, MT (Brasil): _c1988. |
|
| 300 | _a26 p. | ||
| 490 |
_aBoletim de Pesquisa - Empresa de Pesquisa Agropecuaria do Estado de Mato Grosso S.A. (Brazil) _vNo. 5 _xISSN 0102-213X |
||
| 500 | _a8 tables; 6 ref.; Summaries (En,Pt) | ||
| 650 | _aARROZ SEQUEIRO | ||
| 650 | _aINTRODUCAO DE PLANTA | ||
| 650 | _aCOMPORTAMENTO DE VARIEDADE | ||
| 650 | _aRENDIMENTO | ||
| 650 | _aREGIAO SUDOESTE | ||
| 650 | _aMATO GROSSO | ||
| 909 |
_a202312 _bLúcia Elande _c55 _dLúcia Elande |
||
| 942 |
_2AGRIS _n0 _cMS |
||
| 999 |
_c283014 _d283014 |
||